000 00448nab a2200145Ia 4500
003 ES-SlBCS
005 20230120090210.0
008 140529s1988-89 xxu||||| |||| 00| 0 eng d
041 _aeng
100 1 _aDe Jonghe, Eugeen
_9159074
245 0 0 _aLocke and Hooker on the Finding of the Law
_c Eugeen De Jonghe
600 1 0 _aLocke, John
_d(1632-1704)
_999485
773 0 _tReview of Methaphysics
_gvol. 42, 1988-89, págs. 301-326
_wRev843
942 _cAR
999 _c530920
_d530920